IFM Opac

Growth patterns of the kibbutz economy (Record no. 15728)

MARC details
000 -LEADER
fixed length control field 00342nam a22001337a 4500
020 ## - INTERNATIONAL STANDARD BOOK NUMBER
International Standard Book Number 0720405564
082 ## - DEWEY DECIMAL CLASSIFICATION NUMBER
Classification number 334.683095694 BAR
100 ## - MAIN ENTRY--PERSONAL NAME
Personal name Barkai, Haim
245 ## - TITLE STATEMENT
Title Growth patterns of the kibbutz economy
260 ## - PUBLICATION, DISTRIBUTION, ETC.
Place of publication, distribution, etc. London
Name of publisher, distributor, etc. North-Holland publishing
Date of publication, distribution, etc. 1977
300 ## - PHYSICAL DESCRIPTION
Extent ix, 298p.
Other physical details ill, 24cm.
500 ## - GENERAL NOTE
General note Include index
942 ## - ADDED ENTRY ELEMENTS (KOHA)
Koha item type Books
Holdings
Withdrawn status Lost status Source of classification or shelving scheme Damaged status Not for loan Home library Current library Shelving location Date acquired Full call number Barcode Date last seen Price effective from Koha item type
    Dewey Decimal Classification     IFM Main Campus Library IFM Main Campus Library   03/16/2016 334.683095694 BAR 0000005398 03/16/2016 03/16/2016 Books